[Event "Bruges Masters op"]
[Site "Bruges"]
[Date "2017.08.15"]
[Round "6"]
[White "Gray, Mark S"]
[Black "Frayna, Janelle Mae"]
[Result "0-1"]
[WhiteElo "2103"]
[BlackElo "2248"]
[PlyCount "114"]
[EventDate "2017.08.13"]
[EventType "swiss"]
[EventRounds "9"]
[EventCountry "BEL"]
[SourceTitle "CBM 180 Extra"]
[Source "ChessBase"]
[SourceDate "2017.10.06"]
[SourceVersion "1"]
[SourceVersionDate "2017.10.06"]
[SourceQuality "1"]

1. e4 g6 2. d4 Bg7 3. Nc3 d6 4. f4 Nf6 5. Nf3 0-0 6. Be3 b6 7. e5 Ng4 8. Bg1 Bb7 9. e6 f5 10. d5 c6 11. Bc4 Nf6 12. Qd3 cxd5 13. Nxd5 Nxd5 14. Bxd5 Bxd5 15. Qxd5 Bxb2 16. Qxa8 Bxa1 17. Qxa7 Qc8 18. Bxb6 Bc3+ 19. Kf2 Qxe6 20. Qa3 Rc8 21. Rd1 Nd7 22. Be3 Nf6 23. Rd3 Ne4+ 24. Kf1 Bf6 25. Qb3 Qc4 26. Ke1 Qxb3 27. cxb3 e5 28. fxe5 dxe5 29. Rd5 Nc3 30. Rc5 Rxc5 31. Bxc5 e4 32. Nd4 Nxa2 33. Kd2 Kf7 34. g3 Ke8 35. Ne2 Be7 36. Bxe7 Kxe7 37. Ke3 Kd6 38. h4 Ke5 39. Nd4 Nb4 40. Ne2 Nc2+ 41. Kd2 Nd4 42. Nc1 h6 43. Ke3 g5 44. hxg5 hxg5 45. Kd2 Nc6 46. Ne2 Nb4 47. Ke3 Nd5+ 48. Kd2 f4 49. gxf4+ gxf4 50. Ng1 f3 51. Nh3 Kd4 52. Ng5 Nf4 53. Ke1 Nd3+ 54. Kf1 Ke5 55. Nf7+ Kf4 56. Nd8 e3 57. Ne6+ Ke5 0-1

[Event "BCF-chT2a 1415 (4NCL)"]
[Site "England"]
[Date "2014.11.15"]
[Round "1.37"]
[White "Gray, Mark S"]
[Black "Maguire, Robert"]
[Result "1/2-1/2"]
[WhiteElo "2093"]
[BlackElo "1973"]
[PlyCount "96"]
[EventDate "2014.11.15"]
[EventType "team-tourn"]
[EventRounds "7"]
[EventCountry "ENG"]
[SourceTitle "CBM 163 Extra"]
[Source "ChessBase"]
[SourceDate "2014.12.23"]
[SourceVersion "1"]
[SourceVersionDate "2014.12.23"]
[SourceQuality "1"]
[WhiteTeam "Anglian Avengers"]
[BlackTeam "KJCA Kings"]
[WhiteTeamCountry "ENG"]
[BlackTeamCountry "ENG"]

1. e4 e5 2. Nf3 Nc6 3. Bb5 a6 4. Bxc6 dxc6 5. 0-0 Bg4 6. h3 Bxf3 7. Qxf3 Bd6 8. c3 c5 9. d3 Qf6 10. Qxf6 Nxf6 11. Bg5 Nd7 12. Nd2 f6 13. Be3 0-0-0 14. a4 Nf8 15. Rfd1 Ne6 16. Nb3 Rd7 17. Rd2 Rhd8 18. Kf1 Bf8 19. Ke2 g6 20. g3 f5 21. f4 exf4 22. gxf4 c4 23. dxc4 fxe4 24. Rxd7 Rxd7 25. Nd2 Bd6 26. Nxe4 Nxf4+ 27. Kf3 Nd3 28. b3 Rf7+ 29. Ke2 Nf4+ 30. Kd2 Ng2 31. Rg1 Nxe3 32. Kxe3 Bf4+ 33. Ke2 Rf5 34. Rf1 h6 35. Kd3 g5 36. b4 Rf8 37. c5 Kd7 38. Kc4 Ke6 39. c6 b6 40. a5 b5+ 41. Kd3 Kd5 42. Nc5 Ra8 43. h4 Kxc6 44. Ne6 Be5 45. hxg5 Kd6 46. Nc5 hxg5 47. Ne4+ Kd5 48. Nxg5 Bd6 1/2-1/2

[Event "BCF-chT2c 1314 (4NCL)"]
[Site "England"]
[Date "2014.05.05"]
[Round "11.34"]
[White "Gray, Mark S"]
[Black "Morris, Charles F"]
[Result "1-0"]
[WhiteElo "2086"]
[BlackElo "2142"]
[PlyCount "81"]
[EventDate "2013.11.16"]
[EventType "team-tourn"]
[EventRounds "11"]
[EventCountry "ENG"]
[SourceTitle "EXT 2015"]
[Source "ChessBase"]
[SourceDate "2014.11.20"]
[SourceVersion "1"]
[SourceVersionDate "2014.11.20"]
[SourceQuality "1"]
[WhiteTeam "Anglian Avengers"]
[BlackTeam "South Wales Dragons"]
[WhiteTeamCountry "ENG"]
[BlackTeamCountry "ENG"]

1. e4 e6 2. d4 d5 3. Nd2 Nf6 4. e5 Nfd7 5. Bd3 c5 6. c3 Nc6 7. Ne2 cxd4 8. cxd4 f6 9. exf6 Nxf6 10. 0-0 Bd6 11. Nf3 Qc7 12. g3 0-0 13. Bf4 Ng4 14. Bxd6 Qxd6 15. Nc3 g6 16. h3 Nh6 17. Re1 Bd7 18. Re3 Nf5 19. Bxf5 Rxf5 20. Nh4 Rh5 21. Kg2 Rf8 22. Qd3 Kg7 23. Rae1 Rf6 24. Nf3 Rhf5 25. g4 Rf4 26. Ne2 Nb4 27. Qb3 Re4 28. Ng3 Rxf3 29. Kxf3 Rxd4 30. Kg2 Rc4 31. R1e2 b5 32. Qd1 Nc6 33. b3 Rf4 34. Rd2 d4 35. Re4 Rxe4 36. Nxe4 Qd5 37. Qf3 Ne5 38. Qf6+ Kg8 39. f3 Bc6 40. Qe7 Nd7 41. Qxd7 1-0

[Event "London Classic op-B 5th"]
[Site "London"]
[Date "2013.12.14"]
[Round "3"]
[White "Gray, Mark S"]
[Black "Sucikova, Svetlana"]
[Result "1-0"]
[WhiteElo "2078"]
[BlackElo "1931"]
[PlyCount "47"]
[EventDate "2013.12.13"]
[EventType "swiss"]
[EventRounds "5"]
[EventCountry "ENG"]
[SourceTitle "EXT 2016"]
[Source "ChessBase"]
[SourceDate "2015.10.08"]
[SourceVersion "1"]
[SourceVersionDate "2015.10.08"]
[SourceQuality "1"]

1. e4 c6 2. d4 d5 3. exd5 cxd5 4. c4 Nf6 5. Nc3 e6 6. Nf3 Be7 7. Bg5 0-0 8. c5 b6 9. b4 bxc5 10. bxc5 Ba6 11. Bxa6 Nxa6 12. Qa4 Nb8 13. 0-0 Nbd7 14. Rfe1 Re8 15. Rab1 Qc7 16. Bh4 Rec8 17. Rb2 Kf8 18. Reb1 Qc6 19. Qxc6 Rxc6 20. Rb7 a6 21. Bxf6 Nxf6 22. Ne5 Rcc8 23. Na4 Re8 24. Nb6 1-0

[Event "BCF-chT2 1011 (4NCL)"]
[Site "England"]
[Date "2011.01.15"]
[Round "3.17"]
[White "Gray, Mark S"]
[Black "Jameson, David"]
[Result "1/2-1/2"]
[WhiteElo "2084"]
[BlackElo "2054"]
[PlyCount "111"]
[EventDate "2010.11.06"]
[EventType "team-swiss"]
[EventRounds "11"]
[EventCountry "ENG"]
[SourceTitle "EXT 2012"]
[Source "ChessBase"]
[SourceDate "2011.11.24"]
[SourceVersion "1"]
[SourceVersionDate "2011.11.24"]
[SourceQuality "1"]
[WhiteTeam "Anglian Avengers"]
[BlackTeam "South Wales Dragons"]
[WhiteTeamCountry "ENG"]
[BlackTeamCountry "ENG"]

1. e4 e5 2. Nf3 Nc6 3. d4 exd4 4. Bc4 Bc5 5. c3 Nf6 6. e5 d5 7. Bb5 Ne4 8. cxd4 Bb6 9. 0-0 0-0 10. Bxc6 bxc6 11. Be3 f6 12. Nbd2 Bg4 13. Nxe4 dxe4 14. Qb3+ Qd5 15. Nd2 fxe5 16. dxe5 Rae8 17. Bxb6 cxb6 18. Nxe4 Rxe5 19. f3 Qxb3 20. axb3 Bf5 21. Nd6 Re7 22. b4 Bg6 23. Rfc1 Re6 24. Nc4 Rf7 25. Rd1 Rc7 26. Rd8+ Re8 27. Rxe8+ Bxe8 28. Ne5 Re7 29. f4 g5 30. g3 gxf4 31. gxf4 Kg7 32. Kf2 Kf6 33. Re1 Re6 34. Ra1 Kf5 35. Kg3 Re7 36. Rc1 Ke4 37. Nxc6 Rg7+ 38. Kf2 Bxc6 39. Rxc6 Kxf4 40. Rc8 Rd7 41. Rc4+ Ke5 42. Ke3 Rg7 43. Rh4 Kd5 44. Kd3 Ke5 45. Ke3 Kf5 46. Rf4+ Kg5 47. Rc4 Rd7 48. Ke2 h5 49. h4+ Kf5 50. Ke3 Re7+ 51. Kf3 Rg7 52. Rf4+ Ke5 53. Re4+ Kd5 54. Rf4 Ke5 55. Re4+ Kd5 56. Rf4 1/2-1/2

[Event "BCF-chT2 1011 (4NCL)"]
[Site "England"]
[Date "2010.11.07"]
[Round "2.46"]
[White "Gallagher, Ian G"]
[Black "Gray, Mark S"]
[Result "1/2-1/2"]
[WhiteElo "2090"]
[BlackElo "2084"]
[PlyCount "113"]
[EventDate "2010.11.06"]
[EventType "team-swiss"]
[EventRounds "11"]
[EventCountry "ENG"]
[SourceTitle "EXT 2012"]
[Source "ChessBase"]
[SourceDate "2011.11.24"]
[SourceVersion "1"]
[SourceVersionDate "2011.11.24"]
[SourceQuality "1"]
[WhiteTeam "Cambridge II"]
[BlackTeam "Anglian Avengers"]
[WhiteTeamCountry "ENG"]
[BlackTeamCountry "ENG"]

1. d4 Nf6 2. Bg5 Ne4 3. Bf4 d5 4. f3 Nf6 5. e4 dxe4 6. Nc3 exf3 7. Nxf3 e6 8. Bd3 Bd6 9. Bg5 Nc6 10. a3 Be7 11. Qd2 h6 12. Bf4 Nd5 13. Nxd5 exd5 14. 0-0 Be6 15. b4 Bd6 16. b5 Bxf4 17. Qxf4 Ne7 18. Ne5 Rf8 19. Rae1 Qd6 20. Qe3 0-0-0 21. Nxf7 Rxf7 22. Rxf7 Bxf7 23. Qxe7 Qd7 24. Qe5 g6 25. Qf6 Re8 26. Rf1 Re7 27. Bxg6 Bxg6 28. Qxg6 Qe6 29. Qxe6+ Rxe6 30. Rf5 c6 31. Kf2 Kc7 32. Kf3 Kb6 33. bxc6 Rxc6 34. Rxd5 Rxc2 35. Rd6+ Kb5 36. Rxh6 Rc3+ 37. Ke4 Rxa3 38. g4 a5 39. g5 Ra1 40. Rh3 a4 41. g6 Rg1 42. Rg3 Rxg3 43. hxg3 a3 44. g7 a2 45. g8Q a1Q 46. Qb3+ Ka6 47. Qd3+ b5 48. d5 Qh1+ 49. Ke3 Qh6+ 50. Kf3 Qf6+ 51. Kg2 Qd6 52. g4 Qf4 53. Qf5 Qd2+ 54. Kf3 b4 55. Qc8+ Kb5 56. Qc6+ Ka5 57. Qa8+ 1/2-1/2

[Event "BCF-chT2d 0910 (4NCL) Demotion pool"]
[Site "England"]
[Date "2010.05.02"]
[Round "10.5"]
[White "Taylor, Adam A"]
[Black "Gray, Mark S"]
[Result "1/2-1/2"]
[WhiteElo "1850"]
[BlackElo "2089"]
[PlyCount "121"]
[EventDate "2009.10.24"]
[EventType "team-tourn"]
[EventRounds "4"]
[EventCountry "ENG"]
[SourceTitle "EXT 2010"]
[Source "ChessBase"]
[SourceDate "2010.11.25"]
[SourceVersion "1"]
[SourceVersionDate "2010.11.25"]
[SourceQuality "1"]
[WhiteTeam "Guildford III"]
[BlackTeam "Anglian Avengers"]
[WhiteTeamCountry "ENG"]
[BlackTeamCountry "ENG"]

1. Nf3 d5 2. c4 e6 3. g3 Nf6 4. Bg2 Be7 5. 0-0 0-0 6. d4 Nbd7 7. Qc2 c6 8. a4 b6 9. cxd5 cxd5 10. Nc3 Ba6 11. Nb5 Ne4 12. Bf4 Bxb5 13. axb5 Bd6 14. Ne5 Nxe5 15. dxe5 Rc8 16. Qb1 Bb8 17. Bxe4 dxe4 18. Qxe4 Qd7 19. Rac1 Qxb5 20. b4 h6 21. g4 Qd5 22. Qxd5 exd5 23. Rxc8 Rxc8 24. Rc1 Rxc1+ 25. Bxc1 Bxe5 26. f4 Bd4+ 27. e3 Bc3 28. b5 Kf8 29. Kf2 g6 30. Ba3+ Ke8 31. Ke2 Kd7 32. Kd3 Bf6 33. Bf8 h5 34. gxh5 gxh5 35. e4 dxe4+ 36. Kxe4 Ke6 37. f5+ Kd7 38. Bb4 Kc7 39. Kd5 Bg7 40. Bd6+ Kb7 41. Be5 Bxe5 42. Kxe5 a5 43. bxa6+ Kxa6 44. Kf6 b5 45. Kxf7 b4 46. f6 b3 47. Ke8 b2 48. f7 b1Q 49. f8Q Qb8+ 50. Kf7 Qxh2 51. Qa3+ Kb5 52. Qb3+ Kc5 53. Qe3+ Kd5 54. Qg5+ Ke4 55. Kg6 h4 56. Kh5 h3 57. Qg4+ Ke3 58. Kh4 Kf2 59. Qxh3 Qe5 60. Qg4 Qf6+ 61. Kh5 1/2-1/2

[Event "BCF-chT2d 0910 (4NCL) Demotion pool"]
[Site "England"]
[Date "2010.03.28"]
[Round "8.6"]
[White "Gray, Mark S"]
[Black "Thomas, Mark"]
[Result "1-0"]
[WhiteElo "2089"]
[BlackElo "2049"]
[PlyCount "42"]
[EventDate "2009.10.24"]
[EventType "team-tourn"]
[EventRounds "4"]
[EventCountry "ENG"]
[SourceTitle "EXT 2010"]
[Source "ChessBase"]
[SourceDate "2010.11.25"]
[SourceVersion "1"]
[SourceVersionDate "2010.11.25"]
[SourceQuality "1"]
[WhiteTeam "Anglian Avengers"]
[BlackTeam "Celtic Tigers"]
[WhiteTeamCountry "ENG"]
[BlackTeamCountry "ENG"]

1. e4 Nc6 2. d4 e5 3. Nf3 exd4 4. Bc4 Bb4+ 5. c3 dxc3 6. bxc3 Ba5 7. 0-0 d6 8. Qb3 Qf6 9. Re1 Nge7 10. Bg5 Qg6 11. Bxe7 Nxe7 12. Qb5+ Nc6 13. Bd5 Bb6 14. Bxc6+ bxc6 15. Qxc6+ Ke7 16. Qxa8 Bh3 17. Nh4 Qf6 18. Nf5+ Kd7 19. Qxh8 Qg6 20. Qxg7 Bxf5 21. Qxg6 Bxg6 1-0

[Event "BCF-chT2a 0910 (4NCL)"]
[Site "England"]
[Date "2009.10.25"]
[Round "2.5"]
[White "Headlong, Timothy"]
[Black "Gray, Mark S"]
[Result "1/2-1/2"]
[WhiteElo "2188"]
[BlackElo "2089"]
[PlyCount "107"]
[EventDate "2009.10.24"]
[EventType "team-tourn"]
[EventRounds "7"]
[EventCountry "ENG"]
[SourceTitle "EXT 2010"]
[Source "ChessBase"]
[SourceDate "2010.11.25"]
[SourceVersion "1"]
[SourceVersionDate "2010.11.25"]
[SourceQuality "1"]
[WhiteTeam "Brown Jack"]
[BlackTeam "Anglian Avengers"]
[WhiteTeamCountry "ENG"]
[BlackTeamCountry "ENG"]

1. c4 e6 2. Nf3 d5 3. g3 Nf6 4. Bg2 Be7 5. 0-0 0-0 6. d4 c6 7. Qc2 Nbd7 8. b3 b6 9. Bb2 Ba6 10. Nbd2 Rc8 11. e4 c5 12. e5 Ne8 13. dxc5 Bxc5 14. Qd3 Nc7 15. Rfd1 Qe7 16. Rac1 Rfd8 17. Qb1 Nf8 18. Qa1 Ba3 19. Nd4 Bxb2 20. Qxb2 Bb7 21. b4 Na6 22. a3 dxc4 23. Nxc4 Bxg2 24. Kxg2 Qb7+ 25. f3 Rd5 26. b5 Nb8 27. Nd6 Rxc1 28. Rxc1 Qd7 29. Nc6 Rxd6 30. exd6 Qxd6 31. Nxb8 Qxb8 32. Qc3 Qd6 33. Rc2 h6 34. Rd2 Qe7 35. Qb4 Qg5 36. h4 Qf6 37. Qd4 Qe7 38. Qd6 Qf6 39. a4 Qc3 40. Qd4 Qc7 41. Qd3 Qe5 42. Qe4 Qc3 43. Rc2 Qb3 44. Qc4 Qb1 45. Qa2 Qb4 46. Rc7 Qa5 47. Kf2 h5 48. Ke2 Ng6 49. Qc2 Qb4 50. Rxa7 Qd4 51. a5 bxa5 52. Ra8+ Kh7 53. Kf1 Qd5 54. Qe4 1/2-1/2

[Event "BCF-chT2d 0809 (4NCL) Demotion pool"]
[Site "Hinckley Island"]
[Date "2009.05.03"]
[Round "11.5"]
[White "Gray, Mark S"]
[Black "Habershon, Paul F"]
[Result "1/2-1/2"]
[WhiteElo "2125"]
[BlackElo "2081"]
[PlyCount "47"]
[EventDate "2008.10.04"]
[EventType "team-tourn"]
[EventRounds "4"]
[EventCountry "ENG"]
[SourceTitle "EXT 2010"]
[Source "ChessBase"]
[SourceDate "2010.11.25"]
[SourceVersion "1"]
[SourceVersionDate "2010.11.25"]
[SourceQuality "1"]
[WhiteTeam "Anglian Avengers"]
[BlackTeam "FCA Solutions"]
[WhiteTeamCountry "ENG"]
[BlackTeamCountry "ENG"]

1. e4 e6 2. d4 d5 3. Nd2 a6 4. Ngf3 c5 5. exd5 exd5 6. dxc5 Bxc5 7. Nb3 Bd6 8. Bd3 Nf6 9. 0-0 0-0 10. h3 h6 11. Be3 Nc6 12. c3 Re8 13. Nbd4 Ne4 14. Bc2 Qf6 15. Nxc6 bxc6 16. Bd4 Qe7 17. c4 c5 18. cxd5 cxd4 19. Bxe4 Qf6 20. Bc2 Bb7 21. Qxd4 Qxd4 22. Nxd4 Bxd5 23. Bb3 Bxb3 24. Nxb3 1/2-1/2

[Event "Southend op"]
[Site "Southend"]
[Date "2009.04.11"]
[Round "3"]
[White "Ledger, Dave J"]
[Black "Gray, Mark S"]
[Result "1-0"]
[WhiteElo "2235"]
[BlackElo "2125"]
[PlyCount "75"]
[EventDate "2009.04.10"]
[EventType "swiss"]
[EventRounds "7"]
[EventCountry "ENG"]
[SourceTitle "CBM 130 Extra"]
[Source "ChessBase"]
[SourceDate "2009.07.02"]
[SourceVersion "2"]
[SourceVersionDate "2009.07.15"]
[SourceQuality "1"]

1. e4 e5 2. Bc4 Nf6 3. d3 Nc6 4. Nf3 Be7 5. c3 0-0 6. Bb3 d5 7. Qe2 Re8 8. Nbd2 dxe4 9. dxe4 Na5 10. Bc2 Bf8 11. Nf1 a6 12. Bg5 Bg4 13. Ne3 Bxf3 14. Qxf3 Be7 15. b4 Nc6 16. Rd1 Nd7 17. Bxe7 Rxe7 18. Nf5 Re6 19. Bb3 Rf6 20. Qg4 Rg6 21. Nh6+ gxh6 22. Bxf7+ Kxf7 23. Rxd7+ Kg8 24. Rxd8+ Rxd8 25. Qh3 Rgd6 26. 0-0 Ne7 27. g3 Ng6 28. Qxh6 Rd3 29. h4 R8d6 30. h5 Nf4 31. Qg5+ Rg6 32. Qxe5 Rgxg3+ 33. fxg3 Rxg3+ 34. Kf2 Nd3+ 35. Kxg3 Nxe5 36. Kf4 Nc6 37. Rd1 Kf8 38. Rd7 1-0

[Event "BCF-chT2a 0809 (4NCL)"]
[Site "Hinckley Island"]
[Date "2009.03.21"]
[Round "7.3"]
[White "Harakis, Alexis"]
[Black "Gray, Mark S"]
[Result "1-0"]
[WhiteElo "2253"]
[BlackElo "2138"]
[PlyCount "111"]
[EventDate "2008.10.04"]
[EventType "team-tourn"]
[EventRounds "7"]
[EventCountry "ENG"]
[SourceTitle "EXT 2010"]
[Source "ChessBase"]
[SourceDate "2010.11.25"]
[SourceVersion "1"]
[SourceVersionDate "2010.11.25"]
[SourceQuality "1"]
[WhiteTeam "Jutes of Kent"]
[BlackTeam "Anglian Avengers"]
[WhiteTeamCountry "ENG"]
[BlackTeamCountry "ENG"]

1. d4 Nf6 2. c4 e6 3. Nc3 d5 4. Bg5 Be7 5. e3 0-0 6. Nf3 h6 7. Bh4 b6 8. Bd3 dxc4 9. Bxc4 Bb7 10. 0-0 Ne4 11. Bg3 Nxg3 12. hxg3 c5 13. Qe2 Nc6 14. dxc5 Bxc5 15. a3 Rc8 16. Rac1 Qe7 17. Ba6 Rfd8 18. Ne4 Bd6 19. Nxd6 Rxd6 20. Rc3 Rcd8 21. Rfc1 Bxa6 22. Qxa6 Rd1+ 23. Rxd1 Rxd1+ 24. Kh2 Qd7 25. Qc4 Ne7 26. Qf4 Ng6 27. Qb8+ Kh7 28. g4 Rf1 29. Qg3 Qd1 30. Kh3 f5 31. Nh2 Rh1 32. f3 fxg4+ 33. Qxg4 Qd6 34. f4 Ne7 35. e4 e5 36. f5 Qf6 37. Kg3 Rb1 38. b4 Nc6 39. Qg6+ Qxg6+ 40. fxg6+ Kxg6 41. Rxc6+ Kh7 42. Rc7 Rb3+ 43. Kg4 Rxa3 44. Kf5 Ra2 45. Ng4 h5 46. Ne3 a5 47. bxa5 bxa5 48. Kxe5 a4 49. g3 a3 50. Ra7 Ra1 51. Nf5 a2 52. Rxg7+ Kh8 53. Ra7 h4 54. gxh4 Kg8 55. Kf6 Kh8 56. e5 1-0

[Event "BCF-chT2a 0809 (4NCL)"]
[Site "Hinckley Island"]
[Date "2008.12.07"]
[Round "4.6"]
[White "Marsh, Roger DW"]
[Black "Gray, Mark S"]
[Result "1/2-1/2"]
[WhiteElo "2088"]
[BlackElo "2125"]
[PlyCount "58"]
[EventDate "2008.10.04"]
[EventType "team-tourn"]
[EventRounds "7"]
[EventCountry "ENG"]
[SourceTitle "EXT 2010"]
[Source "ChessBase"]
[SourceDate "2010.11.25"]
[SourceVersion "1"]
[SourceVersionDate "2010.11.25"]
[SourceQuality "1"]
[WhiteTeam "Wessex II"]
[BlackTeam "Anglian Avengers"]
[WhiteTeamCountry "ENG"]
[BlackTeamCountry "ENG"]

1. d4 Nf6 2. c4 e6 3. Nc3 d5 4. cxd5 exd5 5. Bg5 c6 6. e3 Bf5 7. Qb3 Qb6 8. Bxf6 gxf6 9. Nf3 Nd7 10. Be2 Be7 11. Nd2 0-0-0 12. Rc1 Kb8 13. 0-0 Rdg8 14. Qxb6 Nxb6 15. Kh1 Rg7 16. h4 Rhg8 17. g3 Bg4 18. Kh2 f5 19. Rg1 Bf6 20. f4 Re8 21. Bxg4 fxg4 22. Rge1 Rg6 23. b3 Bg7 24. Nf1 Rge6 25. Red1 Nc8 26. Rd3 Nd6 27. Rc2 Nf5 28. Nd1 Bf8 29. Kg2 Bb4 1/2-1/2